<?xml version="1.0" encoding="UTF-8"?>
<record
    xmlns:xsi="http://www.w3.org/2001/XMLSchema-instance"
    xsi:schemaLocation="http://www.loc.gov/MARC21/slim http://www.loc.gov/standards/marcxml/schema/MARC21slim.xsd"
    xmlns="http://www.loc.gov/MARC21/slim">

  <leader>02144cam a22002533a 4500</leader>
  <controlfield tag="001">18776</controlfield>
  <controlfield tag="003">PGUSA</controlfield>
  <controlfield tag="005">20140828083411.0</controlfield>
  <controlfield tag="008">060707s2006||||xxu|||||s|||||000 | eng d</controlfield>
  <datafield tag="040" ind1=" " ind2=" ">
    <subfield code="a">PGUSA</subfield>
    <subfield code="b">eng</subfield>
  </datafield>
  <datafield tag="042" ind1=" " ind2=" ">
    <subfield code="a">dc</subfield>
  </datafield>
  <datafield tag="050" ind1=" " ind2="4">
    <subfield code="a">PN</subfield>
  </datafield>
  <datafield tag="245" ind1="1" ind2="4">
    <subfield code="a">The Wit and Humor of America, Volume IV. (of X.)</subfield>
    <subfield code="h">[electronic resource]</subfield>
  </datafield>
  <datafield tag="260" ind1=" " ind2=" ">
    <subfield code="b">Project Gutenberg,</subfield>
    <subfield code="c">2006</subfield>
  </datafield>
  <datafield tag="505" ind1="0" ind2=" ">
    <subfield code="a">An April Aria, by Munkittrick -- "As Good as a Play", by Scudder -- The Autocrat of the Breakfast Table, by Holmes -- The Briefless Barrister, by Saxe -- A Cable-Car Preacher, by Foss -- C&#xE6;sar's Quiet Lunch with Cicero, by Fields -- Cheer for the Consumer, by Waterman -- Comin' Home Thanksgivin', by Naylor -- A Complaint of Friends, by Hamilton -- The Coupon Bonds, by Trowbridge -- Crankidoxology, by Irwin -- Desolation, by Masson -- A Desperate Race, by Kelley -- De Stove Pipe Hole, by Drummond -- The Economical Pair, by Wells -- The Family Horse, by Cozzens -- Girl from Mercury, by Viel&#xE9; -- The Grand Opera, by Baxter -- The Greco-Trojan Game, by Johnson -- How to Know the Wild Animals, by Wells -- How We Bought a Sewin' Machine and Organ, by Allen -- I Remember, I Remember, by Cary -- In a State of Sin, by Wister -- The Loafer and the Squire, by Crayon -- The Love Sonnets of a Husband, by Smiley -- Meditations of a Mariner, by Irwin -- A Modern Advantage, by Becker -- A Modern Eclogue, by Carman -- My Honey, My Love, by Harris -- Ponchus Pilut, by Riley -- Praise-God Barebones, by Cortissoz -- The Raggedy Man, by Riley -- The Shooting-Match, by Longstreet -- Sonnet of the Lovable Lass and the Plethoric Dad, by Foley -- Story of the Two Friars, by Field -- The Two Husbands, by Wells -- The Two Pedestrians, by Wells -- The Two Prisoners, by Wells -- Victory, by Masson -- The Wolf at Susan's Door, by Warner.</subfield>
  </datafield>
  <datafield tag="506" ind1=" " ind2=" ">
    <subfield code="a">Public domain in the USA.</subfield>
  </datafield>
  <datafield tag="516" ind1=" " ind2=" ">
    <subfield code="a">Electronic text</subfield>
  </datafield>
  <datafield tag="653" ind1=" " ind2=" ">
    <subfield code="a">American wit and humor</subfield>
  </datafield>
  <datafield tag="653" ind1=" " ind2=" ">
    <subfield code="a">American literature -- Humor</subfield>
  </datafield>
  <datafield tag="700" ind1="1" ind2=" ">
    <subfield code="a">Wilder, Marshall Pinckney,</subfield>
    <subfield code="d">1859-1915</subfield>
  </datafield>
  <datafield tag="830" ind1=" " ind2="0">
    <subfield code="a">Project Gutenberg</subfield>
    <subfield code="v">18776</subfield>
  </datafield>
  <datafield tag="856" ind1="4" ind2="0">
    <subfield code="u">http://www.gutenberg.org/ebooks/18776</subfield>
  </datafield>
  <datafield tag="942" ind1=" " ind2=" ">
    <subfield code="c">EB</subfield>
  </datafield>
  <datafield tag="999" ind1=" " ind2=" ">
    <subfield code="c">248031</subfield>
    <subfield code="d">248031</subfield>
  </datafield>
  <datafield tag="952" ind1=" " ind2=" ">
    <subfield code="0">0</subfield>
    <subfield code="1">0</subfield>
    <subfield code="4">0</subfield>
    <subfield code="a">GTB</subfield>
    <subfield code="b">GTB</subfield>
    <subfield code="d">2014-08-28</subfield>
    <subfield code="l">0</subfield>
    <subfield code="r">2014-08-28 00:00:00</subfield>
    <subfield code="w">2014-08-28</subfield>
    <subfield code="y">EB</subfield>
  </datafield>
</record>
